00283pab a2200121 454500008004000000100001700040245002900057260000900086300001200095362000800107650001200115773003400127180718b1998 xxu||||| |||| 00| 0 eng d aTrikha, N.K. aThe status of the editor c1998 ap.72-76 aJan aEditors aPress Council of India Review